Interpretácia ukrajinského prezidenta v kontexte vojny na Ukrajine. Prípad internetového média „Infovojna”
Alternatívne médiá predstavujú v súčasnosti najmä v štátoch Vyšehradskej štvorky významný protipól mainstreamovým médiám. Vplyv alternatívnych médií na šírenie konkrétnych informácií vzbudzuje záujem vedeckého pro stredia nielen v zahraničí, ale aj na Slovensku.
Gespeichert in:
| 1. Verfasser: | |
|---|---|
| Format: | Buchkapitel |
| Sprache: | Slowakisch |
| Schlagworte: | |
| Tags: |
Keine Tags, Fügen Sie das erste Tag hinzu!
|
MARC
| LEADER | 00000naa$a2200000$$$4500 | ||
|---|---|---|---|
| 001 | 0305321 | ||
| 005 | 20241127141846.4 | ||
| 041 | 0 | |a slo | |
| 044 | |a SK | ||
| 245 | 1 | 0 | |a Interpretácia ukrajinského prezidenta v kontexte vojny na Ukrajine. Prípad internetového média „Infovojna” |c Terézia Seresová |
| 520 | |a Alternatívne médiá predstavujú v súčasnosti najmä v štátoch Vyšehradskej štvorky významný protipól mainstreamovým médiám. Vplyv alternatívnych médií na šírenie konkrétnych informácií vzbudzuje záujem vedeckého pro stredia nielen v zahraničí, ale aj na Slovensku. | ||
| 610 | 2 | 0 | |a médiá |
| 610 | 2 | 0 | |a prezidenti |
| 610 | 2 | 0 | |a vojny |
| 610 | 2 | 0 | |a Vyšehradská štvorka |
| 610 | 2 | 0 | |a informácie |
| 100 | 1 | |a Seresová, Terézia, 1991- | |